Genealogie queer : teorie critiche delle identità sessuali e di genere /

Gespeichert in:
Bibliographische Detailangaben
1. Verfasser: Valentini, Federica (studiosa)
Format: Buch
Sprache:Italienisch
Veröffentlicht: Verona : Ombre corte, 2018
Schriftenreihe:Cartografie ; 83
Tags: Tag hinzufügen
Keine Tags, Fügen Sie das erste Tag hinzu!

MARC

LEADER 00000nam a22000007i 4500
001 IT\ICCU\UBO\4328352
003 ItRI
005 20260115232135.0
008 180702s2018 it |||||| ||||| |||||c
020 |a 9788869480966 
040 |b ita  |c importazione bologna sebina 
041 7 |a ita  |2 ISO-639-2 
100 1 |a Valentini, Federica  |c  (studiosa)  |0 IT\ICCU\UBOV\458162 
240 1 0 |a Genealogie queer  |3 IT\ICCU\UBO\4373762  |9 Valentini, Federica <studiosa> 
245 1 0 |a Genealogie queer :  |b teorie critiche delle identità sessuali e di genere /  |c Federica Valentini. 
260 |a Verona :  |b Ombre corte,  |c 2018 
300 |a 118 p. ;  |c 20 cm. 
830 0 |a Cartografie ;  |v 83  |0 IT\ICCU\LIG\0073910 
942 |2 ddc  |c BK  |n 0 
952 |0 0  |1 0  |4 0  |6 DOC_306_760000000000000_VAL  |7 0  |9 20752  |a BO  |b BO  |d 2026-01-15  |i 18951  |l 0  |o DOC 306.76 VAL  |p BO18951  |r 2026-01-15 23:21:35  |w 2026-01-15  |x [Sebina 5] [1 v.]  |y BK  |z 1 v. 
999 |c 17730  |d 17730